Szegeden sem szabad a rendőrségnek a sajtót informálni
Elmentve itt :
| Dokumentumtípus: | Cikk |
|---|---|
| Megjelent: |
1921-02-20
|
| Sorozat: | Délmagyarország
2 No. 42 |
| Kulcsszavak: | Rendőrség Szeged |
| Online Access: | http://dmarchiv.bibl.u-szeged.hu/44826 |
| LEADER | 00430nab a2200145 i 4500 | ||
|---|---|---|---|
| 001 | delm44826 | ||
| 005 | 20180927131931.0 | ||
| 008 | 180927s1921 hu o 0|| hun d | ||
| 040 | |a SZTE Délmagyarország Archívum |b hun | ||
| 041 | |a hun | ||
| 245 | 0 | 0 | |a Szegeden sem szabad a rendőrségnek a sajtót informálni |h [elektronikus dokumentum] |
| 260 | |c 1921-02-20 | ||
| 300 | |a 3 | ||
| 490 | 0 | |a Délmagyarország |v 2 No. 42 | |
| 695 | |a Rendőrség Szeged | ||